[Event "IECC Y2KO email"]
[Site "IECC email"]
[Date "1999.10.14"]
[Round "?"]
[White "Grimm, Stephan"]
[Black "Harrison, Mark"]
[Result "1-0"]
[WhiteElo "1716"]
[BlackElo "872"]
[PlyCount "89"]
[EventDate "1999.??.??"]
[EventType "tourn (corr)"]
[EventRounds "2"]
[SourceTitle "Corr 2008"]
[Source "ChessBase"]
[SourceDate "2008.06.24"]
[SourceVersion "1"]
[SourceVersionDate "2008.06.24"]
[SourceQuality "1"]

1. d4 d5 2. c4 e6 3. Nc3 Nc6 4. Bf4 Qh4 5. e3 Nf6 6. Nf3 Qh5 7. Bxc7 Be7 8. Be2 0-0 9. Ne5 Qg5 10. Nxc6 bxc6 11. 0-0 Ne8 12. Bf4 Qh4 13. Bg3 Qh6 14. Qc2 Nf6 15. Rac1 Nh5 16. Bxh5 Qxh5 17. b3 Bb7 18. Rfe1 Rad8 19. cxd5 exd5 20. Qb2 Ba6 21. Ne2 Bb4 22. Nf4 Qg5 23. Red1 Qg4 24. h3 Qc8 25. Nd3 Be7 26. Ne5 Rd6 27. Qc3 Bb7 28. Qc5 Re8 29. Qxa7 Re6 30. Nd3 Qa8 31. Qxa8 Bxa8 32. Nc5 Rg6 33. Ra1 h5 34. a4 h4 35. Bh2 Bxc5 36. dxc5 Bb7 37. Rd4 Bc8 38. Rxh4 Re5 39. Bxe5 Be6 40. b4 Bf5 41. b5 Kf8 42. b6 Re6 43. b7 Re8 44. Rh8+ Ke7 45. Bd6+ 1-0

[Event "IECC Trio 580 email"]
[Site "IECC email"]
[Date "1998.07.25"]
[Round "?"]
[White "Baker, Matthew JD"]
[Black "Grimm, Stephan"]
[Result "1-0"]
[WhiteElo "1586"]
[BlackElo "1689"]
[PlyCount "51"]
[EventDate "1998.??.??"]
[EventType "tourn (corr)"]
[EventRounds "4"]
[SourceTitle "Corr 2008"]
[Source "ChessBase"]
[SourceDate "2008.06.24"]
[SourceVersion "1"]
[SourceVersionDate "2008.06.24"]
[SourceQuality "1"]

1. d4 Nf6 2. Nc3 e6 3. e4 Bb4 4. e5 Nd5 5. Qg4 g6 6. Bg5 Be7 7. Bxe7 Qxe7 8. Nxd5 exd5 9. 0-0-0 Qe6 10. Qg3 b6 11. Ne2 f5 12. Nf4 Qf7 13. e6 dxe6 14. Nxd5 Kd8 15. Nf4 Ba6 16. Qf3 c6 17. Bxa6 Nxa6 18. Qxc6 Rc8 19. Qd6+ Qd7 20. Nxe6+ Ke8 21. Qe5 Kf7 22. Qg7+ Kxe6 23. Rhe1+ Kd6 24. Qf6+ Kd5 25. Re5+ Kc4 26. a3 1-0

[Event "IECC Trio 445 email"]
[Site "IECC email"]
[Date "1998.01.29"]
[Round "?"]
[White "O'Brien, Eoin"]
[Black "Grimm, Stephan"]
[Result "0-1"]
[WhiteElo "1611"]
[BlackElo "1683"]
[PlyCount "54"]
[EventDate "1998.??.??"]
[EventType "tourn (corr)"]
[EventRounds "4"]
[SourceTitle "Corr 2008"]
[Source "ChessBase"]
[SourceDate "2008.06.24"]
[SourceVersion "1"]
[SourceVersionDate "2008.06.24"]
[SourceQuality "1"]

1. e4 c6 2. d4 d5 3. e5 Bf5 4. Bd3 Bxd3 5. Qxd3 e6 6. Nf3 Qa5+ 7. Nbd2 Qa6 8. Qxa6 Nxa6 9. Nb3 h5 10. Bd2 Nh6 11. Bxh6 Rxh6 12. a3 c5 13. c3 Rc8 14. Rc1 Be7 15. 0-0 Kd7 16. Rfd1 b5 17. dxc5 Nxc5 18. Nfd4 Nxb3 19. Nxb3 Rhh8 20. Nd4 a6 21. Ne2 Rc4 22. Rd4 Rhc8 23. Rcd1 a5 24. Rxc4 Rxc4 25. Rd4 Kc6 26. f4 Bc5 27. b3 Rxc3 0-1